La condena
Uloženo v:
| Hlavní autor: | |
|---|---|
| Médium: | Kniha |
| Jazyk: | španělština |
| Vydáno: |
Buenos Aires
Emecé
1967
|
| Vydání: | 6a. ed |
| Edice: | Colección Piragua
|
| Témata: | |
| Tagy: |
Přidat tag
Žádné tagy, Buďte první, kdo vytvoří štítek k tomuto záznamu!
|
MARC
| LEADER | 00000nam a2200000 a 4500 | ||
|---|---|---|---|
| 001 | UCG5336 | ||
| 003 | CL-VaPUC | ||
| 008 | 110303e19670000AG |||||||||||||||||spa|d | ||
| 082 | 0 | 4 | |a 891.8603 |b KAF |2 21 |
| 100 | |a Kafka, Franz |e author |9 266293 | ||
| 245 | 1 | 3 | |a La condena |
| 250 | |a 6a. ed | ||
| 300 | |a 226 p | ||
| 942 | |c BK | ||
| 945 | |d 20110303 00:00:00 |a cmena | ||
| 260 | |a Buenos Aires |b Emecé |c 1967 | ||
| 650 | 7 | |a CUENTOS CHECOSLOVACOS |2 CL-VaPUC |9 317187 | |
| 650 | 0 | |a Literatura checoslovaca |9 349966 | |
| 583 | |a last modification |c 20110303 00:00:00 |k Rodrigo Vera | ||
| 490 | 0 | |a Colección Piragua | |
| 999 | |c 343871 |d 343869 | ||
| 952 | |0 0 |1 0 |4 0 |6 891_860300000000000_KAF_1967 |7 0 |8 A |9 441560 |a BIBEDU |b BIBEDU |d 2019-11-22 |i 4738152 |o 891.8603 KAF 1967 |p 4738152 |r 2019-11-22 |w 2019-11-22 |y BK |k LIT | ||